Salary survey of members of the Institute of Quantity Surveyors. Autumn 1980 (Record no. 86882)

MARC details
000 -LEADER
fixed length control field 00502cam a2200181 4500
001 - CONTROL NUMBER
control field D8188
008 - FIXED-LENGTH DATA ELEMENTS--GENERAL INFORMATION
fixed length control field 090401t1980 xxu||||| |||| 00| 0 eng d
035 ## - SYSTEM CONTROL NUMBER
System control number (Sirsi) u11618
041 ## - LANGUAGE CODE
Language code of text/sound track or separate title eng
050 ## - LIBRARY OF CONGRESS CALL NUMBER
Classification number 331.2816925
110 ## - MAIN ENTRY--CORPORATE NAME
Corporate name or jurisdiction name as entry element Reward Regional Surveys Ltd
9 (RLIN) 2016
245 ## - TITLE STATEMENT
Title Salary survey of members of the Institute of Quantity Surveyors. Autumn 1980
260 ## - PUBLICATION, DISTRIBUTION, ETC.
Place of publication, distribution, etc. Stone, Staffs
Name of publisher, distributor, etc. Reward Regional Surveys Ltd
Date of publication, distribution, etc. 1980
300 ## - PHYSICAL DESCRIPTION
Extent 47p. 30cm
350 ## - PRICE (NR) (BK AM CF MU VM SE) [OBSOLETE]
Price 0
942 ## - ADDED ENTRY ELEMENTS (KOHA)
Suppress in OPAC 0
948 ## - LOCAL PROCESSING INFORMATION (OCLC); SERIES PART DESIGNATOR (RLIN)
c (OCLC) 04/03/1997
Holdings
Withdrawn status Lost status Source of classification or shelving scheme Damaged status Not for loan Home library Current library Shelving location Date acquired Total Checkouts Full call number Barcode Date last seen Copy number Price effective from Koha item type
    Dewey Decimal Classification     London London Basement 14/09/1999   SHELF 302 30008760 06/08/2019 1 06/08/2019 Book